LIBRARY & INFORMATION CENTRE, KCAET, TAVANUR

ONLINE PUBLIC ACCESS CATALOGUE (OPAC)

Principles of Agricultural Engineering Vol.2 (Record no. 19016)

MARC details
000 -LEADER
fixed length control field 00389nam a22001577a 4500
003 - CONTROL NUMBER IDENTIFIER
control field OSt
008 - FIXED-LENGTH DATA ELEMENTS--GENERAL INFORMATION
fixed length control field 250113b |||||||| |||| 00| 0 eng d
041 ## - LANGUAGE CODE
Language code of text/sound track or separate title eng
082 ## - DEWEY DECIMAL CLASSIFICATION NUMBER
Classification number 631.1
Item number MIC/PR
100 ## - MAIN ENTRY--AUTHOR NAME
Personal name Michael, AM
245 ## - TITLE STATEMENT
Title Principles of Agricultural Engineering Vol.2
250 ## - EDITION STATEMENT
Edition statement 2nd
260 ## - PUBLICATION, DISTRIBUTION, ETC. (IMPRINT)
Place of publication New Delhi:
Name of publisher Jain Brothers,
Year of publication 1985.
700 ## - ADDED ENTRY--PERSONAL NAME
Personal name Ojha, TP
942 ## - ADDED ENTRY ELEMENTS (KOHA)
Koha item type Books
Holdings
Withdrawn status Lost status Damaged status Home library Current library Date acquired Source of acquisition Cost, normal purchase price Full call number Accession Number Koha item type
      KAUAET KAUAET 13/01/2025 Standard Book House, Thrissur. 40.00 631.1 MIC/PR 15009 Books
      KAUAET KAUAET 13/01/2025 Standard Book House, Thrissur. 40.00 631.1 MIC/PR 15014 Books
      KAUAET KAUAET 13/01/2025 Standard Book House, Thrissur. 40.00 631.1 MIC/PR 15016 Books
free website counter